Shortest Currencies - Statistics

General Stats
  • This quiz has been taken 11 times
  • The average score is 5 of 8
Answer Stats
Currency % Correct
Yen
91%
Lek
82%
Won
73%
Kip
64%
Leu
64%
Sol
64%
Lev
55%
Som
55%
No matching quizzes found
Score Distribution
Percent of People with Each Score
Percentile by Number Answered
Your Score History
You have not taken this quiz